| 000 | 00623nam a22002177a 4500 | ||
|---|---|---|---|
| 003 | UA-OsUOA | ||
| 001 | 58349 | ||
| 007 | ta | ||
| 008 | 20090205b un ||||| |||| 00| 0 ukr d | ||
| 100 | _aМарченко М.Н. | ||
| 090 |
_a32 _bМ30 |
||
| 942 | _cSA | ||
| 040 |
_aUA-OsUOA _brus _cUA-OsUOA _dUA-OsUOA |
||
| 245 | _aМетодологически аспекты познания российских Конституций 1978 и 1993 гг.: сравнительный анализ | ||
| 300 | _aС.15-24 | ||
| 955 | _a0 | ||
| 041 | _arus | ||
| 080 | _a32 | ||
| 773 | 0 | _w58348 | |
| 650 | 7 |
_a32 Політика _2UDC |
|
| 999 |
_c344432 _d344432 |
||